01336nas a22002417a 4500999001700000005001700017007001200034008004100046022001400087040000900101082001500110245007900125260004800204300001600252310001400268365001600282500064300298650005400941651001600995655002001011856003401031942002901065 c40810d4081020200514134501.0cz aa aaaaa200428c q||poo|||| 00| 0 eng d a2664-7583 coclc a530bJOU/P aInternational Journal of Physics and Applicationshe-Journal (Open Access) bAcademic publicationsa Delhi, India-110085 aPDF(online) aQuarterly eOpen Access aInternational Journal of Physics and Applications is an open access, peer reviewed and refereed international journal. This journal aims to publish original research papers devoted to various areas of Physics and its Applications. The topics included and emphasized are: General Physics, Nonlinear Science, Statistical Physics, Transport Theory, Atomic, Molecular and Cluster Physics, Plasma and Fluid Physics, Condensed Matter, Nanoscience, Astronomy and astrophysics, Chemistry, Earth and atmospheric sciences, Physics, Biophysics and biochemistry, Robotics and Automation, Materials science, Mathematics, Mechanics, Statistics, etc.  092317aNatural sciences & mathematicsvPhysics 092254aIndia 092257ae-Journal uhttp://www.physicsjournal.in/ 2ddccEJh530k530mJOU/P